00690nam a22001697a 4500003000900000008004100009040007100050082001800121100003200139245010300171260004400274300002800318505009800346650001800444650002700462700003100489AR-CdUCM190605b ||||| |||| 00| 0 spa d aMUNICIPALIDAD PROVINCIAL DEL CUSCOcBIBLIOTECA MUNICIPAL DEL CUSCO a985.07 /bD31 aDávalos y Lissón, Pedro aLeguía :b1875-1899 : contribución al estudio de la historia contemporánea de la América / aBarcelona :bMontaner y Simón,c1928. a238 páginas ;c25 cm. aContenido: Periodo pre-guerra en sus últimos días -- La guerra -- Andres A. Cáceres... aA. B. Leguida aHistoria contemporanea aCourret, E. (fotografía)